000 00332 a2200109 4500
001 ART_10874
005 20260410161849.0
008 260409a
245 1 0 _aPresión tributaria sectorial e incidencia
100 1 _aPiffano, Horacio L. P.
773 0 _tEconómica
_g- Año XXVI, Nº 1/2 (ene./ago. 1980)
_wREV7541
999 _c24798
_d24798